Out of this world : how NASA created the best team on the planet (Record no. 52995)

MARC details
000 -LEADER
fixed length control field 00760nam a2200193 a 4500
008 - FIXED-LENGTH DATA ELEMENTS--GENERAL INFORMATION
fixed length control field 200821s2019 ||||||||||||||||| || u
020 ## - INTERNATIONAL STANDARD BOOK NUMBER
International Standard Book Number 9781473696105
050 ## - LIBRARY OF CONGRESS CALL NUMBER
Classification number HD 58.7 Hil
100 ## - MAIN ENTRY--PERSONAL NAME
Personal name Hill, Paul Sean
245 10 - TITLE STATEMENT
Title Out of this world : how NASA created the best team on the planet
Statement of responsibility, etc. By Paul Sean Hill
260 ## - PUBLICATION, DISTRIBUTION, ETC.
Place of publication, distribution, etc. London
Name of publisher, distributor, etc. Nicholas Brealey
Date of publication, distribution, etc. 2019
300 ## - PHYSICAL DESCRIPTION
Extent xvii, 279 pages : illustrations
650 ## - SUBJECT ADDED ENTRY--TOPICAL TERM
Topical term or geographic name entry element UNITED STATES. NATIONAL AERONAUTICS AND SPACE ADMINISTRATION
650 #0 - SUBJECT ADDED ENTRY--TOPICAL TERM
Topical term or geographic name entry element SUCCESS IN BUSINESS
650 #0 - SUBJECT ADDED ENTRY--TOPICAL TERM
Topical term or geographic name entry element MANAGEMENT
650 #0 - SUBJECT ADDED ENTRY--TOPICAL TERM
Topical term or geographic name entry element LEADERSHIP
650 #0 - SUBJECT ADDED ENTRY--TOPICAL TERM
Topical term or geographic name entry element DECISION MAKING
995 ## - RECOMMENDATION 995 [LOCAL, UNIMARC FRANCE]
-- 8.80
-- CBU-MAIN LIBRARY (Kitwe)
-- 1
-- AVAILABLE
-- Aug 26, 2020
-- Main Library Open Access Collection
Holdings
Withdrawn status Lost status Source of classification or shelving scheme Damaged status Not for loan Home library Current library Shelving location Date acquired Total Checkouts Full call number Barcode Date last seen Price effective from Koha item type
          CBU-MAIN LIBRARY, KITWE. CBU-MAIN LIBRARY, KITWE.   11/30/2022   HD 58.7 Hil 750218 11/30/2022 11/30/2022 MONOGRAPH